Bamberg : traumstadt der Deutschen /

Bibliographic Details
Main Author: Bauer, Emil
Other Authors: Heckel, Willy
Format: Book
Language:German
Published: Bamberg : Verlag Fränkischer Tag, 1988.
Edition:2. Aufl.
Subjects:

MARC

Tag First Indicator Second Indicator Subfields
LEADER 00000cam a2200000Ia 4500
001 in00002017249
005 20151031144636.0
008 041201s1988 gw ab b 001 0 ger d
035 |a (OCoLC)ocm57124962 
040 |a TXA  |c TXA  |d UtOrBLW 
043 |a e-gw--- 
049 |a TXAM 
090 |a DD901.B2  |b B38 1988 
100 1 |a Bauer, Emil. 
245 1 0 |a Bamberg :  |b traumstadt der Deutschen /  |c Emil Bauer, Willy Heckel. 
250 |a 2. Aufl. 
264 1 |a Bamberg :  |b Verlag Fränkischer Tag,  |c 1988. 
300 |a 112 pages :  |b illustrations, maps ;  |c 31 cm. 
336 |a text  |b txt  |2 rdacontent 
337 |a unmediated  |b n  |2 rdamedia 
338 |a volume  |b nc  |2 rdacarrier 
504 |a Includes bibliographical references and index. 
651 0 |a Bamberg (Germany)  |v Pictorial works. 
651 0 |a Bamberg (Germany)  |x History. 
651 0 |a Bamberg (Germany)  |x Buildings, structures, etc. 
700 1 |a Heckel, Willy. 
994 |a E0  |b TXA 
948 |a cataloged  |b h  |c 2004/12/1  |d o  |e jlanham  |f 12:33:22 pm 
999 |a MARS 
999 f f |s 19f37aab-f794-37c9-88bd-c0c47c3dde94  |i fe11519f-09dc-39ba-9e70-f1925faf47b3  |t 0 
952 f f |p ric  |a Texas A&M University  |b Rellis Campus  |c Joint Library Facility  |d Remote Storage  |t 0  |e DD901.B2 B38 1988  |h Library of Congress classification  |i unmediated -- volume  |m A14850224958 
998 f f |a DD901.B2 B38 1988  |t 0  |l Remote Storage